Ο Ιωάννης Καποδίστριας και η συγκρότηση του ελληνικού κράτους

Saved in:
Bibliographic Details
Main Author: Πανταζόπουλος, Νικόλαος Ι., 1912-
Other Authors: Σφυρόερας, Βασίλης Βλ. 1921-, Πετρίδης, Παύλος Β., 1947-2000
Format: Book
Language:Greek
Published: Θεσσαλονίκη : University Studio Press, 1983
Series:Δημοσιεύματα ιστορίας πολιτικού βίου και πολιτικών θεσμών ; ; 2
Subjects:
Tags: Add Tag
No Tags, Be the first to tag this record!

MARC

LEADER 00000cam a2200000 i 4500
001 1/98919
008 950321s1983 gre d
035 |l 10011109 
040 |a GR-MY-UA  |b gre  |e aacr 
041 0 |a gre 
082 0 |a 938.57 
100 1 |a Πανταζόπουλος, Νικόλαος Ι.,   |d 1912- 
245 1 2 |a Ο Ιωάννης Καποδίστριας και η συγκρότηση του ελληνικού κράτους /  |c Ν. Πανταζόπουλος; Β. Σφυρόερας; Π. Πετρίδης 
260 |a Θεσσαλονίκη :   |b University Studio Press,   |c 1983 
300 |a 176 σ. 
490 1 |a Δημοσιεύματα ιστορίας πολιτικού βίου και πολιτικών θεσμών  |v ; 2 
600 1 0 |a Καποδίστριας, Ιωάννης Α.,   |d 1776-1831. 
650 0 0 |a State, The  |x History. 
651 0 |a Greece  |x History  |y 1821- 
700 1 |a Σφυρόερας, Βασίλης Βλ.  |d 1921- 
700 1 |a Πετρίδης, Παύλος Β.,   |d 1947-2000. 
830 0 |a Δημοσιεύματα ιστορίας πολιτικού βίου και πολιτικών θεσμών ;  |v ; 2 
852 |a INST  |b LESVOS  |e 19950321  |h 938.57 ΙΩΑ  |p 005100002176  |q 005100002176  |t BK  |y 0 
909 |a Λ  |b 036750